| 000 | 01566cam a22003734a 4500 | ||
|---|---|---|---|
| 999 |
_c41578 _d41578 |
||
| 001 | 14205728 | ||
| 003 | OSt | ||
| 005 | 20221003142815.0 | ||
| 008 | 051220s2006 nyua b 001 0 eng | ||
| 010 | _a 2005058099 | ||
| 015 |
_aGBA635678 _2bnb |
||
| 016 | 7 |
_a013436562 _2Uk |
|
| 020 | _a0071467882 (pbk. : alk. paper) | ||
| 035 | _a(OCoLC)ocm62782292 | ||
| 037 |
_a1252244 _bQBI |
||
| 040 |
_aDLC _cDLC _dQBX _dBAKER _dUKM _dYDXCP _dDLC |
||
| 042 | _apcc | ||
| 050 | 0 | 0 |
_aTH7687 _b.M4855 2006 |
| 082 | 0 | 0 |
_a621.56 _222 _bMIL/A |
| 100 | 1 |
_aMiller, Rex, _d1929-2019 _99153 |
|
| 245 | 1 | 0 |
_aAir conditioning and refrigeration / _cRex Miller, Mark R. Miller. |
| 260 |
_aNew York : _bMcGraw-Hill, _cc2006. |
||
| 300 |
_axvii, 603 p. : _bill. ; _c28 cm. |
||
| 504 | _aIncludes bibliographical references (p. 529) and index. | ||
| 650 | 0 | _aAir conditioning. | |
| 650 | 0 | _aRefrigeration and refrigerating machinery. | |
| 700 | 1 | _aMiller, Mark R. | |
| 856 | 4 | 2 |
_3Contributor biographical information _uhttp://www.loc.gov/catdir/enhancements/fy0626/2005058099-b.html |
| 856 | 4 | 2 |
_3Publisher description _uhttp://www.loc.gov/catdir/enhancements/fy0626/2005058099-d.html |
| 856 | 4 | 1 |
_3Table of contents _uhttp://www.loc.gov/catdir/enhancements/fy0626/2005058099-t.html |
| 906 |
_a7 _bcbc _corignew _d1 _eocip _f20 _gy-gencatlg |
||
| 942 |
_2ddc _cBK _h621.56 _iMIL/A _k621.56 _mMIL/A |
||